Statystyki dla Zawody na literę T

Kliknij tutaj aby rozwiązać quiz!

Ogólne statystyki

  • Ten quiz został rozwiązany 85 razy
    (66 od ostatniego zresetowania)
  • Średni wynik to 7 z 16

Statystyki odpowiedzi

Zawód% Poprawnych
tancerz
67%
tynkarz
56%
tokarz
52%
trener
52%
taksówkarz
48%
technik
46%
tramwajarz
46%
tenisista
44%
tapicer
40%
teolog
40%
tłumacz
35%
treser
35%
tatuażysta
33%
terapeuta
25%
telemarketer
19%
tkacz
17%

Rozkład punktacji

Percentyl według liczby udzielonych odpowiedzi

Procent ludzi z każdym wynikiem

Twoja historia wyników

Nie rozwiązałeś tego quizu od ostatniego zresetowania